Management výkonných organizačních článků /

Main Author: Chmela, Zdeněk
Corporate Author: Policejní akademie České republiky. Katedra bezpečnostních služeb
Language: Czech
Published: Praha : Vydavatelství PA ČR, 2007
Edition: Vyd. 1.
Subjects:
Online Access: Digitalizovaný dokument
Physical Description: 88 s. ; 29 cm
Book
Saved in:
LEADER 01935nam a2200469 a 4500
001 nkc20071753524
003 CZ PrNK
005 20080103130109.0
007 ta
008 070927s2007 xr e p 000 0 cze
015 |a cnb001753524 
020 |a 978-80-7251-259-1  |q (brož.) 
035 |a (OCoLC)190753359 
040 |a BOA001  |b cze  |d ABA001 
072 7 |a 351  |x Úkoly veřejné správy, správní opatření, legislativa  |2 Konspekt  |9 15 
072 7 |a 37.016  |x Učební osnovy. Vyučovací předměty. Učebnice  |2 Konspekt  |9 22 
080 |a 351.75  |2 MRF 
080 |a 005  |2 MRF 
080 |a (075.8)  |2 MRF 
100 1 |a Chmela, Zdeněk  |7 mzk2007417394  |4 aut 
245 1 0 |a Management výkonných organizačních článků /  |c Zdeněk Chmela 
250 |a Vyd. 1. 
260 |a Praha :  |b Vydavatelství PA ČR,  |c 2007 
300 |a 88 s. ;  |c 29 cm 
500 |a Na obálce nad názvem: Policejní akademie České republiky v Praze, Ústav policejně bezpečnostních studií, katedra bezpečnostních služeb 
500 |a 400 výt. 
504 |a Obsahuje bibliografické odkazy 
550 |a Vydavatel: Policejní akademie České republiky v Praze 
650 0 7 |a pořádková policie  |7 ph337779  |2 czenas 
650 0 7 |a management  |7 ph115217  |2 czenas 
650 0 9 |a disciplinary police  |2 eczenas 
650 0 9 |a management  |2 eczenas 
655 7 |a učebnice vysokých škol  |7 fd133772  |2 czenas 
655 9 |a textbooks (higher)  |2 eczenas 
710 2 |a Policejní akademie České republiky.  |b Katedra bezpečnostních služeb  |7 ko2002159766 
856 4 1 |u http://www.digitalniknihovna.cz/mzk/uuid/uuid:b6908d90-520d-11e9-8854-005056827e51  |y Digitalizovaný dokument  |x NDK 
910 2 |a BOA001  |b 3-1193.698 
928 9 |a Vydavatelství Policejní akademie České republiky 
990 |a BK 
995 |a 01 
991 |b 200711  |c NOV 
996 6 |b 2610323676  |c 3-1193.698  |l MZK  |r Sklad / do 1 hodiny  |n 2  |p p.v.  |w 000872130  |u 000010  |a 1  |e BOA001  |j MZK50  |s P